General framework for action by the Commission of the European Communitites in the field of safety, hygiene and health protection at work (1994-2000). (Record no. 93918)

MARC details
000 -LEADER
fixed length control field 00728cam a2200217 4500
008 - FIXED-LENGTH DATA ELEMENTS--GENERAL INFORMATION
fixed length control field 090401t1993 xxu||||| |||| 00| 0 eng d
020 ## - INTERNATIONAL STANDARD BOOK NUMBER
International Standard Book Number 9277611529
035 ## - SYSTEM CONTROL NUMBER
System control number (Sirsi) u57270
041 ## - LANGUAGE CODE
Language code of text/sound track or separate title eng
110 ## - MAIN ENTRY--CORPORATE NAME
Corporate name or jurisdiction name as entry element Europe
Subordinate unit European Communities Commission
9 (RLIN) 698
245 ## - TITLE STATEMENT
Title General framework for action by the Commission of the European Communitites in the field of safety, hygiene and health protection at work (1994-2000).
260 ## - PUBLICATION, DISTRIBUTION, ETC.
Place of publication, distribution, etc. Luxembourg
Name of publisher, distributor, etc. Office for official Publications of the
Date of publication, distribution, etc. 1993
300 ## - PHYSICAL DESCRIPTION
Extent 18p. ; 30cm.
350 ## - PRICE (NR) (BK AM CF MU VM SE) [OBSOLETE]
Price 0
490 ## - SERIES STATEMENT
Series statement COM
Volume/sequential designation (93) 560 final
650 ## - SUBJECT ADDED ENTRY--TOPICAL TERM
Topical term or geographic name entry element EUROPEAN COMMUNITY
650 ## - SUBJECT ADDED ENTRY--TOPICAL TERM
Topical term or geographic name entry element HEALTH AND SAFETY
9 (RLIN) 6244
690 ## - LOCAL SUBJECT ADDED ENTRY--TOPICAL TERM (OCLC, RLIN)
Topical term or geographic name as entry element EUROPE-SINGLE MARKET
942 ## - ADDED ENTRY ELEMENTS (KOHA)
Suppress in OPAC 0
948 ## - LOCAL PROCESSING INFORMATION (OCLC); SERIES PART DESIGNATOR (RLIN)
c (OCLC) 04/03/1997
Holdings
Withdrawn status Lost status Source of classification or shelving scheme Damaged status Not for loan Home library Current library Shelving location Date acquired Total Checkouts Full call number Barcode Date last seen Copy number Price effective from Koha item type
    Dewey Decimal Classification     London London Reference copy 09/03/1994   FILING CABINET 30041049 06/08/2019 1 06/08/2019 Book